All Countries With a US "Do Not Travel" Advisory on a Map - Statistics

General Stats
  • This quiz has been taken 2,323 times
    1,002 since last reset
  • The average score is 55 of 60
Answers on the Map
Answers color-coded by a green-red scale on the quiz's map according to % correct below.
 
Answer Stats
Area Covered Answer % Correct
Entire country Russia
99%
Areas within 150km of the border with French Guiana, Suriname, Guyana, Venezuela, Colombia, Peru, Bolivia, and Paraguay (except Foz do Iguacu and Pantanal National Parks) and all favelas (not shown on map) Brazil
98%
The Sinai peninsula, the Western Desert, and the border regions with Libya and Sudan Egypt
98%
Entire country Iran
98%
Entire country Iraq
98%
Colima, Guerrero, Michoacan, Sinaloa, Tamaulipas, and Zacatecas states Mexico
98%
Entire country North Korea
98%
Entire country Ukraine
98%
Entire country Yemen
97%
Entire country Afghanistan
96%
Rural areas within 50km of the border with Tunisia and overland in the Sahara Desert Algeria
96%
Manipur state, Jammu and Kashmir union territory, and areas within 10km of the border with Pakistan India
96%
Khyber Pakhtunkhwa and Sindh provinces and the immediate vicinity of the border with India (not shown) Pakistan
96%
Areas within 80km of the border with Yemen, and Qatif city (not shown) Saudi Arabia
96%
Entire country Sudan
96%
Entire country Venezuela
96%
Entire country Belarus
95%
Arauca, Cauca, and Norte de Santander departments, and the border region with Venezuela Colombia
95%
Haut-Lomami, Ituri, Kasaï, Kasaï-Central, Kasaï-Oriental, North Kivu, South Kivu, and Tanganyika provinces Democratic Republic of the Congo
95%
Central Papua and Highland Papua provinces Indonesia
95%
Entire country Libya
95%
The border region with Colombia and the Valley of the Apurímac, Ene, and Mantaro Rivers Peru
95%
Entire country Somalia
95%
Entire country South Sudan
95%
Entire country Syria
95%
Chapare region Bolivia
94%
It's complicated. See the actual advisory Ethiopia
94%
Entire country Mali
94%
Abia, Anambra, Bauchi, Bayelsa, Borno, Delta, Enugu, Imo, Gombe, Kaduna, Kano, Katsina, Kogi, Rivers, Sokoto, Yobe, and Zamfara states (except Port Harcourt) and Adamawa state north of the Benue river Nigeria
94%
Eastern Highlands, Enga, Hela, Jiwaka, Southern Highlands, and Western Highlands provinces (except Goroka and Mt. Hagen) and South Bougainville district Papua New Guinea
94%
Entire country Haiti
93%
Garissa, Lamu, Mandera, Tana River, and Wajir counties and Kilifi county north of Malindi Kenya
93%
Entire country Myanmar
93%
The border region with Yemen Oman
93%
Entire country Bangladesh
92%
Entire country Central African Republic
92%
Lake Chad Basin and the border regions with Libya, Sudan, and the CAR Chad
92%
Areas within 3.5km of the border with Syria and areas east of Ruwayshid Jordan
92%
Areas within 16km of the border with Algeria (except Tabarka and Ain Draham), the border with Libya, the Kasserine Western Mountains, Mount Mghila, Mount Chaambi National Park, the Orbata Mountains, and the desert south of Remada Tunisia
92%
Hakkâri and Şırnak provinces and areas within 10km of the border with Syria Turkey
92%
The border region with Armenia and the Nagorno-Karabakh region and surrounding territories Azerbaijan
91%
Huehuetenango and San Marcos departments Guatemala
91%
Gracias a Dios department Honduras
91%
Areas north of the Tropic of Cancer and areas within 100km of the border with Mali east of the 8th meridian west Mauritania
91%
Within 7 miles of the Gaza demarcation line, 2.5 miles of the borders with Syria and Lebanon, and, for US government employees, within 1.5 miles of the border with Egypt Israel
90%
Entire country Lebanon
90%
North, Far North, Northwest, and Southwest regions and areas within 25km of the border with the CAR Cameroon
89%
Abkhazia and South Ossetia Georgia
89%
Ancuabe, Chuire, Ibo, Macomia, Meluco, Metuge, Mocimboa da Praia, Mueda, Muidumbe, Nangade, Palma, and Quissanga districts Mozambique
89%
The border region with Azerbaijan Armenia
88%
Northern Benin, which includes the city of Kandi and all areas north and east, the city of Tanguieta and all areas north and west, the Pendjari and W National Parks the Pendjari, Atacora, and Djona Hunting Zones, Route Nationale Inter-Etats 7 (RNIE 7) and Route Nationale 10 (RN 10) Benin
87%
Entire country Burkina Faso
87%
Northern border regions (all of Savanes and Zanzan districts and the region of Folon) Côte d'Ivoire
87%
The region south of the line connecting Jaque, Manene, Yaviza and Lajas Blancas, and areas within 16km of the coastline between Boca de Rio Chiriqui and Coclé del Norte Panama
87%
The desert region north of Mutla Ridge and the border regions with Iraq Kuwait
85%
The Sulu archipelago and Marawi City (not shown) Philippines
85%
Cibitoke and Bubanza provinces, Kibira National Park, and the Bujumbura Central Market (not shown on map) Burundi
76%
It's complicated. See the actual advisory Jamaica
76%
All areas including and north of Esmeraldas city in Esmeraldas province, the canton of Durán, and the cities of Quevedo, Quinsaloma, Pueblo Viejo, Huaquillas, and Arenillas (not shown) Ecuador
74%
Laventille, Beetham, Sea Lots, Cocorite, and the interior of Queens’ Park Savannah; downtown Port of Spain, Fort George overlook, and all beaches in Port of Spain at night Trinidad and Tobago
28%
No matching quizzes found
Score Distribution
Percent of People with Each Score
Percentile by Number Answered
Your Score History
You have not taken this quiz since the last reset